Paths and rivers (Record no. 14622)
[ view plain ]
| 000 -LEADER | |
|---|---|
| fixed length control field | 01475nam a2200349Ia 4500 |
| 100 1# - MAIN ENTRY--AUTHOR NAME | |
| Personal name | Waterson, Roxana. |
| 245 10 - TITLE STATEMENT | |
| Title | Paths and rivers |
| 260 ## - PUBLICATION, DISTRIBUTION, ETC. (IMPRINT) | |
| Place of publication | Leiden : |
| Name of publisher | KITLV Press, |
| Year of publication | 2009. |
| 300 ## - PHYSICAL DESCRIPTION | |
| Number of Pages | xxxii, 510 p. : |
| Other physical details | ill. (some col.), maps, ports. |
| 650 #0 - SUBJECT ADDED ENTRY--TOPICAL TERM | |
| Topical Term | Toraja (Indonesian people) |
| Topical Term | Toraja (Indonesian people) |
| Topical Term | Ethnology |
| Topical Term | Social evolution. |
| 856 40 - ELECTRONIC LOCATION AND ACCESS | |
| Uniform Resource Identifier | http://site.ebrary.com/lib/rucke/Doc?id=10745960 |
No items available.
